| 000 | 00913nam a2200277 c 4500 | ||
|---|---|---|---|
| 001 | a5435827 | ||
| 003 | CO-ViMGA | ||
| 005 | 20230915233130.0 | ||
| 008 | 131125s2013 sp a | |||| 000 0 spa | ||
| 020 | _a9788415832171 | ||
| 040 |
_aCO-ViMGA _bspa _cCO-ViMGA |
||
| 041 | 1 | _heng | |
| 082 | 0 | 4 |
_a325.2 _bC65e |
| 100 | 1 |
_aCollier, Paul _d1949- _93245 |
|
| 240 | 1 | 0 |
_aExodus _lEspañol |
| 245 | 1 | 0 |
_aExodo : _binmigrantes, emigrantes y países _cPaul Collier ; traducción de Miguel Ros Gonzalez |
| 250 | _a1a. ed. | ||
| 260 |
_aMadrid _bTurner _c2013 |
||
| 300 |
_a348 p. _bgraf. _c22 cm |
||
| 490 | 0 | _aColeccion Noema | |
| 504 | _aBibliografía: p. 337-348 | ||
| 650 | 1 | 7 |
_aEmigración e inmigración _xAspectos económicos _2embne _93246 |
| 650 | 1 | 7 |
_aEmigración e inmigración _xAspectos sociales _2embne _93247 |
| 650 | 1 | 7 |
_aEmigración e inmigración _xPolítica gubernamental _2embne _93248 |
| 942 |
_2ddc _cBK |
||
| 999 |
_c35457 _d35457 |
||